[Event "St Lorrain Masters-B"]
[Site "St Lorrain"]
[Date "1999.??.??"]
[Round "?"]
[White "Legky, Nikolay A"]
[Black "Toulzac, Pierre Yves"]
[Result "1-0"]
[WhiteElo "2495"]
[BlackElo "2265"]

1.d4 Nf6 2.c4 g6 3.Nc3 Bg7 4.e4 d6 5.Nf3 O-O 6.Be2 e5 7.d5 a5 8.Bg5 h6 9.Bh4 Qe8
10.O-O Nh5 11.Ne1 Nf4 12.Nd3 g5 13.Bg3 Na6 14.f3 f5 15.Bf2 Qg6 16.g4 fxg4
17.fxg4 b6 18.Be3 Bd7 19.Nf2 Nc5 20.Bxc5 bxc5 21.Qd2 Qh7 22.Ncd1 h5 23.gxh5 Be8
24.Bg4 Bxh5 25.Ne3 Bxg4 26.Nexg4 Qh4 27.Rae1 Ng6 28.Re3 Rf4 29.Rg3 Raf8 30.Qxa5 Rf3
31.Rxf3 Rxf3 32.Qxc7 Nf4 33.Qc8+ Kh7 34.Qf5+ Kg8 35.Kh1 Kh8 36.a4 Rb3 37.Nf6 Rb8
38.N6g4 Rf8 39.Qd7 Nh3 40.Nxh3 Rxf1+ 41.Kg2 Rb1 42.Nhf2 Rxb2 43.a5 Qh5 44.a6 Qg6
45.Kf1 Rb8 46.Ne3 Bf8 47.a7 Ra8 48.Qb7 Qe8 49.Nfd1 Kg8 50.Nc3 Qf7+ 51.Qxf7+ Kxf7
52.Nb5 Ke7 53.Nf5+ Kd7 54.Kg2 Be7 55.Kg3 Bd8 56.Nfxd6 Bb6 57.Nf7 Bxa7 58.Nxe5+ Kc8
59.Nc6 Bb8+ 60.e5 Ra6 61.Nxb8 Kxb8 62.e6 Ra1 63.e7 Re1 64.d6 Kc8 65.Nc7  1-0

[Event "St Lorrain"]
[Site "St Lorrain"]
[Date "1999.??.??"]
[Round "1"]
[White "Restout, Bruce"]
[Black "Housieaux, David"]
[Result "0-1"]
[WhiteElo "2100"]
[BlackElo "2200"]

1.d4 Nf6 2.c4 g6 3.Nc3 Bg7 4.e4 d6 5.Nf3 O-O 6.Be2 e5 7.d5 a5 8.Bg5 Na6 9.Nd2 h6
10.Bh4 h5 11.f3 Bh6 12.Nf1 Nc5 13.h3 Kg7 14.Bf2 Nh7 15.g4 h4 16.Be3 Bxe3
17.Nxe3 a4 18.Bd3 Qf6 19.Ng2 Ng5 20.Be2 Bd7 21.Kd2 c6 22.Qf1 Qd8 23.Ne3 Qa5
24.Qg2 Rad8 25.Rhc1 cxd5 26.Nxd5 Nce6 27.b4 axb3 28.axb3 Qc5 29.b4 Qd4+ 30.Bd3 Ra8
31.Rab1 Ra3 32.Ra1 Rfa8 33.Rxa3 Rxa3 34.Qf1 Ba4 35.Nb1 Ra2+ 36.Ke1 Nxh3 37.Rd1 Nhf4
38.Nxf4 Nxf4  0-1

[Event "White Nights op"]
[Site "St Petersburg"]
[Date "1999.??.??"]
[Round "8"]
[White "Altshul, Raffael"]
[Black "Grigoriev, Vitaly"]
[Result "1/2-1/2"]
[WhiteElo "2354"]
[BlackElo "2175"]

1.d4 g6 2.Nf3 Bg7 3.c4 d6 4.Nc3 Nf6 5.e4 O-O 6.Be2 e5 7.d5 a5 8.h4 Na6 9.Nd2 Nc5
10.h5 c6 11.Qc2 cxd5 12.cxd5 Bd7 13.Nb3 Na6 14.Be3 Rc8 15.a4 Nb4 16.Qd1 Ne8
17.hxg6 hxg6 18.Bb5 Bxb5 19.axb5 b6 20.O-O Nf6 21.Na4 Nxe4 22.Bxb6 Qd7 23.Qe2 Nf6
24.Bxa5 Nbxd5 25.Rfd1 Nf4 26.Qf1 Rc2 27.Rd2 Rfc8 28.Nb6 Qg4 29.f3 Qg3 30.Nxc8 Nh3+
31.Kh1 Nf2+ 32.Kg1 Nh3+ 33.Kh1 Nf2+  1/2-1/2

[Event "SVK-chT 9899"]
[Site "SVK"]
[Date "1999.??.??"]
[Round "6"]
[White "Petreje, Juraj"]
[Black "Lanc, Alois"]
[Result "0-1"]
[WhiteElo "2140"]
[BlackElo "2405"]

1.d4 g6 2.c4 d6 3.Nf3 Bg7 4.Nc3 Nd7 5.e4 e5 6.Be2 Ngf6 7.O-O O-O 8.d5 Nc5
9.Nd2 a5 10.Qc2 Ne8 11.Nb3 f5 12.f3 b6 13.Bd2 Nb7 14.Nc1 f4 15.Nd3 Bd7 16.b3 g5
17.a3 Rf6 18.b4 Qe7 19.Rfc1 Rg6 20.Nd1 g4 21.fxg4 Bxg4 22.Bxg4 Rxg4 23.N1f2 Rg6
24.Ne1 Bf6 25.Nf3 Qg7 26.Ne1 Rxg2+ 27.Nxg2 f3 28.Ng4 Qxg4 29.Bh6 Qg6 30.Be3 Bg7
31.c5 dxc5 32.bxc5 Nxc5 33.Bxc5 bxc5 34.Kh1 Qxg2+ 35.Qxg2 fxg2+ 36.Kxg2 Bf8
37.Rab1 c4 38.Rc3 Nd6 39.Rg3+ Kh8 40.Kf3 Bh6 41.Rh3 Bf4 42.Kg4 Rg8+ 43.Kh5 Nxe4
44.Rb5 Nf6+ 45.Kh4  0-1

[Event "SVK-chT 9899"]
[Site "SVK"]
[Date "1999.??.??"]
[Round "6"]
[White "Biro, Karol"]
[Black "Ruckschloss, Karol"]
[Result "1/2-1/2"]
[WhiteElo "2250"]
[BlackElo "2190"]

1.d4 Nf6 2.c4 g6 3.Nc3 Bg7 4.e4 d6 5.Nf3 O-O 6.Be2 Nbd7 7.O-O e5 8.d5 Nc5
9.Qc2 a5 10.Ne1 Ne8 11.f3 f5 12.Be3 Bd7 13.Nd3 b6 14.b3 Nf6 15.a3 fxe4 16.Nxc5 bxc5
17.fxe4 Ng4 18.Bxg4 Bxg4 19.Rxf8+ Bxf8 20.Qd2 Bd7 21.a4 Qh4 22.Bg5 Qg4 23.h3 Qh5
24.Be3 Be7 25.Qd1 Qh4 26.Qd3 Rf8 27.Rf1 Rxf1+ 28.Kxf1 g5 29.Bf2 Qf4 30.Ne2 Qf7
31.Ng3 Qf4 32.Kg1 g4 33.hxg4 Bxg4 34.Nf1 Qc1 35.Be3 Qd1 36.Qxd1 Bxd1 37.Nd2 Bh4
38.Kf1 Kf7 39.Bf2 Bg5 40.Be1 Be3 41.Nf3 Bxb3 42.Ke2 Bf4 43.Kd3 Bxa4 44.Bxa5 c6
45.dxc6 Bxc6 46.Nh4 Ke8 47.Nf5 Kd7 48.Be1 Bg5 49.Bh4 Bxh4 50.Nxh4 Ke6 51.Nf5 d5
52.cxd5+ Bxd5 53.exd5+ Kxf5 54.Kc4 e4 55.Kxc5 e3 56.d6 e2 57.d7 e1=Q 58.d8=Q Qc3+
59.Kb5 Qe5+ 60.Kc4 Qe4+ 61.Kc3 Kg4 62.Qd7+ Kg3 63.Qh3+ Kf2 64.g4 Qc6+ 65.Kd4 Qd6+
66.Ke4  1/2-1/2

[Event "SVK-chT 9899"]
[Site "SVK"]
[Date "1999.??.??"]
[Round "7"]
[White "Biro, Karol"]
[Black "Balogh, Peter"]
[Result "1-0"]
[WhiteElo "2250"]
[BlackElo "2255"]

1.c4 Nf6 2.Nc3 g6 3.d4 Bg7 4.e4 d6 5.Nf3 O-O 6.Be2 e5 7.d5 a5 8.O-O Na6 9.Ne1 Nc5
10.Qc2 Ne8 11.Nd3 b6 12.Nxc5 bxc5 13.Bd3 Nf6 14.Bg5 h6 15.Bd2 Nh5 16.Ne2 f5
17.exf5 gxf5 18.f3 Bd7 19.Qc1 Qf6 20.Rb1 a4 21.Kh1 Kh8 22.Qe1 Qe7 23.Nf4 Nxf4
24.Bxf4 Rfe8 25.Be3 e4 26.fxe4 fxe4 27.Be2 Kh7 28.Rf4 Rf8 29.Rh4 Rf6 30.Bg5 Rb8
31.b3 axb3 32.axb3 Bf5 33.Qf1 Bg6 34.Bxf6 Bxf6 35.Rh3 Rf8 36.Bh5 Bd4 37.Bxg6+ Kxg6
38.Qe2 Kh7 39.Rf1 Rxf1+ 40.Qxf1 e3 41.Qf5+ Kg8 42.Rg3+ Bg7 43.Qe6+ Qxe6 44.dxe6 e2
45.Re3 Be5 46.Rxe2 Kf8 47.Rf2+  1-0

[Event "SVK-chT1E 9899"]
[Site "SVK"]
[Date "1999.??.??"]
[Round "8"]
[White "Mrva, Martin"]
[Black "Likavsky, Tomas"]
[Result "1/2-1/2"]
[WhiteElo "2415"]
[BlackElo "2280"]

1.d4 Nf6 2.Nf3 g6 3.c4 Bg7 4.Nc3 O-O 5.e4 d6 6.Be2 e5 7.d5 Na6 8.Be3 Ng4
9.Bg5 f6 10.Bh4 Qe8 11.Nd2 f5 12.Bxg4 fxg4 13.Bg5 Bf6 14.Be3 c5 15.a3 Qe7
16.O-O Bg5 17.Bxg5 Qxg5 18.Qe2 Bd7 19.Rab1 Rf6 20.b4 Raf8 21.Nb5 cxb4 22.axb4 Bxb5
23.cxb5 Nc7 24.Rb2 a6 25.bxa6 bxa6 26.Qe3 Qxe3 27.fxe3 Rxf1+ 28.Nxf1 Rb8
29.Rc2 Ne8 30.Rc4 Kf7  1/2-1/2

[Event "SVK-chT 9899"]
[Site "SVK"]
[Date "1999.??.??"]
[Round "9"]
[White "Kaniansky, Miroslav"]
[Black "Hlinka, Miroslav"]
[Result "1/2-1/2"]
[WhiteElo "2175"]
[BlackElo "2185"]

1.d4 Nf6 2.Nf3 g6 3.c4 Bg7 4.Nc3 O-O 5.e4 d6 6.Be2 e5 7.d5 a5 8.Bg5 h6 9.Bh4 Na6
10.Nd2 Qe8 11.a3 Bd7 12.b3 Nh7 13.Rb1 h5 14.f3 Bh6 15.Bf2 b6 16.b4 axb4 17.axb4 Bg5
18.c5 bxc5 19.Bxa6 Rxa6 20.bxc5 Qa8 21.Nc4 Rb8 22.O-O Bd8 23.Rxb8 Qxb8 24.Qb1 Qa8
25.Qb2 f6 26.Rb1 dxc5 27.Bxc5 Ng5 28.Qb8 Nf7 29.Be7 Ra1 30.Kf2 Be8 31.Bxd8 Nxd8
32.Qxc7 Rxb1 33.Nxb1 Nf7 34.d6 Qa1 35.Nbd2 Qd4+ 36.Ke2 Ba4 37.Qb8+ Kg7 38.Qb2 Qxb2
39.Nxb2 Bb5+ 40.Ke3 Nxd6 41.g3 Kf7 42.Nd3 g5 43.Nc5 Ke7 44.f4 g4 45.Nd3  1/2-1/2

[Event "SVK-chT 9899"]
[Site "SVK"]
[Date "1999.??.??"]
[Round "9"]
[White "Irsai, Jevgenij"]
[Black "Turna, Stefan"]
[Result "1-0"]
[WhiteElo "2280"]
[BlackElo "2190"]

1.d4 Nf6 2.Nf3 g6 3.c4 Bg7 4.Nc3 d6 5.e4 O-O 6.Be2 e5 7.dxe5 dxe5 8.Qxd8 Rxd8
9.Bg5 Re8 10.Rc1 Na6 11.Nd2 Be6 12.Nd5 Nd7 13.b4 c6 14.b5 cxd5 15.bxa6 d4
16.axb7 Rab8 17.c5 Rxb7 18.c6 Rc7 19.Nb3 Nb8 20.Bb5 Rec8 21.Na5 Bf8 22.Bd2 Bxa2
23.Ke2 a6 24.Ba4 f5 25.f3 Bf7 26.Nc4 Bxc4+ 27.Rxc4 Bd6 28.Ba5 Rf7 29.c7 Rfxc7
30.Bxc7 Rxc7 31.Rxc7 Bxc7 32.Rc1 Bd6 33.Rc8+ Kf7 34.Rd8 Bc7 35.Bb3+ Ke7 36.Rg8 Kf6
37.Rf8+ Ke7 38.Rf7+ Kd6 39.Ba4 fxe4 40.fxe4 h5 41.Rg7 g5 42.Rxg5 Kc5 43.Rxh5 Kc4
44.Rh3 Kb4 45.Rh7 Bd6 46.Be8 a5 47.g4 Na6 48.g5 Nc5 49.Bc6 Kc3 50.Kd1 a4
51.Ra7 Nd3 52.g6 Nb2+ 53.Ke1 Bf8 54.Bxa4 d3 55.Bd1 Bh6 56.g7 Bd2+ 57.Kf1  1-0

[Event "SVK-chT1E 9899"]
[Site "SVK"]
[Date "1999.??.??"]
[Round "10"]
[White "Sarkozy, Ladislav"]
[Black "Turna, Stefan"]
[Result "1-0"]
[WhiteElo "2280"]
[BlackElo "2255"]

1.Nf3 Nf6 2.c4 g6 3.Nc3 Bg7 4.e4 O-O 5.d4 d6 6.Be2 e5 7.dxe5 dxe5 8.Qxd8 Rxd8
9.Nd5 Nxd5 10.cxd5 Nd7 11.Bg5 Bf6 12.Rc1 Bxg5 13.Nxg5 h6 14.Nf3 c6 15.dxc6 bxc6
16.O-O Nb6 17.Nxe5 Rd2 18.Bc4 Nxc4 19.Nxc4 Rd4 20.Rfd1 Rxd1+ 21.Rxd1 Be6
22.Na5 Rb8 23.b3 Rb6 24.Rc1 Ra6 25.Rc5 Kf8 26.a3 Ke8 27.b4 Kd7 28.f3 Rb6
29.Kf2 f6 30.Ke3 g5 31.Kd4 Kd6 32.Nc4+ Bxc4 33.Kxc4 Ra6 34.Kb3 Rb6 35.Ra5 Rb7
36.Ra6 Kd7 37.Kc4 Kc7 38.a4 Kd7 39.Kc5 Rc7 40.g4 Rb7 41.Rxc6 Rxb4 42.Rd6+ Ke7
43.Kxb4 Kxd6 44.Kb5  1-0

[Event "SVK-chT 9899"]
[Site "SVK"]
[Date "1999.??.??"]
[Round "11"]
[White "Jakubek, Peter"]
[Black "Csala, Jan"]
[Result "0-1"]
[WhiteElo "2190"]
[BlackElo "2195"]

1.d4 Nf6 2.Nf3 g6 3.c4 Bg7 4.Nc3 O-O 5.e4 d6 6.Be2 e5 7.d5 a5 8.Bg5 Na6 9.Nd2 Nc5
10.b3 Bd7 11.a3 Qc8 12.O-O h6 13.Be3 b6 14.b4 Nb7 15.Qc2 Ne8 16.c5 bxc5 17.bxc5 dxc5
18.Nb3 c4 19.Bxc4 Nbd6 20.Bd3 f5 21.Nc5 f4 22.Bd2 f3 23.g3 Ba4 24.Rfc1 Bxc2
25.Rxc2 Rf7 26.Ne6 Bf6 27.Na4 Ng7 28.Nac5 Re7 29.Bf1 Nxe6 30.dxe6 Kg7 31.Bh3 h5
32.a4 g5 33.Bf5 Nxf5 34.exf5 Qd8 35.Rac1 Qd4 36.h3 Rb8 37.Be3 Qd8 38.Rd2 Qg8
39.Nd7 Rbe8 40.Bc5 Qh7 41.Bxe7 Rxe7 42.Rxc7 Qxf5 43.Kh2 Qxe6 44.Nc5 Qc4  0-1

[Event "SWE-chT 9899"]
[Site "Sweden"]
[Date "1999.??.??"]
[Round "8"]
[White "Fors, Tomas"]
[Black "Schutz, Ingemar"]
[Result "0-1"]
[WhiteElo "2069"]
[BlackElo "2234"]

1.d4 Nf6 2.c4 g6 3.Nc3 Bg7 4.e4 d6 5.Be2 O-O 6.Nf3 Nbd7 7.O-O e5 8.Bg5 h6
9.Bh4 exd4 10.Nxd4 Re8 11.f3 c6 12.Kh1 Nb6 13.Rc1 a6 14.b4 a5 15.a3 axb4
16.axb4 Qe7 17.Nb3 d5 18.c5 Na4 19.Nxa4 Rxa4 20.Na5 Rxb4 21.Qd2 Ra4 22.Bd1 Ra3
23.exd5 cxd5 24.Qb4 Re3 25.Ba4 Rd8 26.Rfe1 d4 27.Bf2 Nd5 28.Qd2 Rxe1+ 29.Bxe1 Nc3
30.Bb3 Qxc5 31.Nc4 Re8 32.Bg3 Re2 33.Qf4 Be6 34.Nd2 Rxd2 35.Bxe6 fxe6 36.Qxd2 b5
37.Ra1 Qf5  0-1

[Event "SWE-chT 9899"]
[Site "Sweden"]
[Date "1999.??.??"]
[Round "9"]
[White "Sjodin, Bengt"]
[Black "Johansson, Gunnar"]
[Result "1-0"]
[WhiteElo "2243"]
[BlackElo "2100"]

1.d4 Nf6 2.Nf3 g6 3.c4 Bg7 4.Nc3 O-O 5.e4 d6 6.Be2 e5 7.dxe5 dxe5 8.Qxd8 Rxd8
9.Bg5 Nbd7 10.O-O-O Rf8 11.Nd5 c6 12.Ne7+ Kh8 13.Be3 Re8 14.Nxc8 Raxc8 15.g4 Nf8
16.Nd2 Ne6 17.g5 Nd7 18.Bg4 Rc7 19.Bxe6 Rxe6 20.Nb3 Bf8 21.Rd2 Rd6 22.Rc2 Rd3
23.h4 Kg8 24.Kb1 f5 25.gxf6 Nxf6 26.Bxa7 Bb4 27.Re2 b5 28.Bb8 Rb7 29.Bxe5 Ng4
30.Bg3 bxc4 31.Nc1 Rbd7 32.e5 Rd2 33.Rhe1 Rxe2 34.Rxe2 c3 35.bxc3 Bxc3 36.Kc2 Bb4
37.Re4 c5 38.Rxg4 Rd2+ 39.Kb3 Rd1 40.Rc4 Kf7 41.Bf4 Ke6 42.Rc2 Kd5 43.a3 Ba5
44.Be3 Bb6 45.Re2 Rh1 46.Kb2 Bc7 47.f4 c4 48.Na2 Rxh4 49.Nb4+ Ke6 50.Na6 Bd8
51.Nc5+ Kf5 52.Nb7 Be7 53.Bc5 Bxc5 54.Nxc5  1-0

[Event "SWE-chT 9899"]
[Site "Sweden"]
[Date "1999.??.??"]
[Round "11"]
[White "Dzevlan, Miralem"]
[Black "Lyrberg, Patrik"]
[Result "1/2-1/2"]
[WhiteElo "2453"]
[BlackElo "2485"]

1.d4 Nf6 2.c4 g6 3.Nc3 Bg7 4.e4 d6 5.Nf3 O-O 6.Be2 e5 7.O-O Na6 8.Be3 Ng4
9.Bg5 Qe8 10.d5 h6 11.Bh4 f5 12.exf5 gxf5 13.Nd2 Qh5 14.g3 Qg6 15.h3 Nf6
16.Kh2 e4 17.f4 exf3 18.Bxf3 Bd7 19.Ne2 Nc5 20.Nf4 Qh7 21.Nb3 Nfe4 22.Nxc5 Nxc5
23.Qc2 Be5 24.Rae1 Ne4 25.b3 Kh8 26.Bxe4 fxe4 27.Qxe4 Bf5 28.Qe3 Rf7 29.Ne6 Qg6
30.Nd4 Raf8 31.Nxf5 Rxf5 32.Rxf5 Rxf5 33.Kg2 Kg7 34.Re2  1/2-1/2

[Event "SWE-chT 9899"]
[Site "Sweden"]
[Date "1999.??.??"]
[Round "11"]
[White "Akesson, Ralf"]
[Black "Cramling, Pia"]
[Result "0-1"]
[WhiteElo "2584"]
[BlackElo "2630"]

1.d4 Nf6 2.c4 g6 3.Nc3 Bg7 4.e4 d6 5.Nf3 O-O 6.Be2 e5 7.O-O Na6 8.Re1 c6
9.Bf1 Bg4 10.d5 c5 11.a3 Kh8 12.Bg5 Qb8 13.Be2 Ng8 14.Nh4 Bd7 15.Bg4 f5 16.exf5 gxf5
17.Bh3 Bf6 18.Bxf6+ Rxf6 19.Ne4 fxe4 20.Bxd7 Qf8 21.Qg4 Nc7 22.Rxe4 Rh6 23.Nf5 Nf6
24.Nxh6 Nxg4 25.Nxg4 Qf7 26.Ba4 b5 27.cxb5 Qxd5 28.f3 Qb7 29.Rd1 Ne8 30.b4 Rc8
31.bxc5 Rxc5 32.Kh1 Qc7 33.h3 Rc1 34.Kh2 Rxd1 35.Bxd1 h5 36.Ne3 Qc1 37.b6 axb6
38.Ba4  0-1

[Event "SWE-chT 9899"]
[Site "Sweden"]
[Date "1999.??.??"]
[Round "11"]
[White "Jagerflod, Kent"]
[Black "Schutz, Ingemar"]
[Result "0-1"]
[WhiteElo "1945"]
[BlackElo "2234"]

1.c4 g6 2.Nc3 Bg7 3.d4 Nf6 4.e4 d6 5.Be2 O-O 6.Nf3 Nbd7 7.O-O e5 8.d5 Nc5
9.Nd2 a5 10.b3 Ne8 11.Rb1 f5 12.f3 Nf6 13.a3 Nh5 14.b4 axb4 15.axb4 Nd7 16.g3 Bh6
17.Nb3 Bxc1 18.Qxc1 Ndf6 19.Ra1 Rxa1 20.Qxa1 fxe4 21.fxe4 Bh3 22.Rf2 Qa8
23.Bxh5 Qxa1+ 24.Nxa1 gxh5 25.Nc2 Kg7 26.c5 dxc5 27.bxc5 Ra8 28.Rd2 Ra5 29.c6 bxc6
30.Ne3 Ra3 31.Ned1 cxd5 32.exd5 e4 33.Rc2 Ra5 34.Kf2 Ng4+ 35.Ke2 Bg2 36.h4 Bf3+
37.Kd2 Bxd1 38.Kxd1 Ne3+  0-1

[Event "SWZ-chT"]
[Site "SWZ"]
[Date "1999.??.??"]
[Round "1"]
[White "Barbero, Gerardo F"]
[Black "Belotti, Bruno"]
[Result "0-1"]
[WhiteElo "2477"]
[BlackElo "2441"]

1.d4 Nf6 2.c4 g6 3.Nc3 Bg7 4.e4 d6 5.Nf3 O-O 6.Be2 e5 7.Be3 a5 8.d5 Ng4 9.Bg5 f6
10.Bh4 Na6 11.Nd2 h5 12.h3 Nh6 13.g4 hxg4 14.hxg4 Bd7 15.a3 Nf7 16.f3 Bh6
17.Rb1 Nc5 18.b4 axb4 19.axb4 Na4 20.Qc2 Nxc3 21.Qxc3 Kg7 22.Ra1 Rxa1+ 23.Qxa1 Qa8
24.Nb3 Qxa1+ 25.Nxa1 Ra8 26.Kf2 Ra2 27.Rb1 Bf4 28.Kf1 f5 29.gxf5 gxf5 30.Nb3 fxe4
31.fxe4 Bh3+ 32.Ke1 Bg2 33.Nc1 Ra3 34.Nd3 Bxe4 35.Rd1 Be3 36.Bf2 Bg5 37.c5 Kf6
38.cxd6 cxd6 39.Bb6 Bxd5 40.Nf2 Bg2 41.Bc4 Bf3 42.Be2 Ke6 43.Rb1 Bxe2 44.Kxe2 Ra6
45.Be3 Ra2+  0-1

[Event "SWZ-chT"]
[Site "SWZ"]
[Date "1999.??.??"]
[Round "2"]
[White "Vezzosi, Paolo"]
[Black "Weindl, Alfred"]
[Result "1/2-1/2"]
[WhiteElo "2339"]
[BlackElo "2342"]

1.Nf3 Nf6 2.c4 g6 3.Nc3 Bg7 4.e4 d6 5.d4 O-O 6.Be2 e5 7.O-O Na6 8.Re1 Qe8
9.Bf1 Bg4 10.d5 Nb4 11.Be2 a5 12.Be3 b6 13.Qd2 Nh5 14.h3 Bd7 15.Nh4 Nf4 16.Bxf4 exf4
17.a3 Na6 18.Qxf4 Nc5 19.Bf1 Qe7 20.Nf3 Rae8 21.Rac1 a4 22.Re3 h5 23.Rce1 Kh7
24.Ng5+ Kg8 25.Nf3 Kh7 26.Ng5+ Kg8 27.Nf3 Kh7  1/2-1/2

[Event "SWZ-chT"]
[Site "SWZ"]
[Date "1999.??.??"]
[Round "4"]
[White "Vezzosi, Paolo"]
[Black "Kaufmann, Werner"]
[Result "1/2-1/2"]
[WhiteElo "2339"]
[BlackElo "2297"]

1.Nf3 Nf6 2.c4 g6 3.Nc3 Bg7 4.e4 d6 5.d4 O-O 6.Be2 e5 7.Be3 Na6 8.O-O Qe8
9.dxe5 dxe5 10.Nd2 b6 11.Nd5 c6 12.Nxf6+ Bxf6 13.c5 Nxc5 14.Bxc5 bxc5 15.Qc2 Rb8
16.Nb3 Be7 17.Rfb1 Bd6 18.Nxc5 Qe7 19.Na4 Bd7 20.Bc4 Rfc8 21.Rd1 Be6 22.a3 Kg7
23.Rd3 Bxc4 24.Qxc4 Qc7 25.Rad1 Rd8 26.g3 Be7 27.Rxd8 Rxd8 28.Rxd8 Bxd8 29.Nc5 Qd6
30.Nd3 Bb6 31.Kg2 h5 32.Qc3 Bd4 33.Qc2 Bb6 34.Qc4 Bd4 35.b4 Qf6 36.h4 Qd6
37.a4 Qf6 38.Qb3 Qd6 39.Qc4 Qf6 40.Qb3  1/2-1/2

[Event "SWZ-chT"]
[Site "SWZ"]
[Date "1999.??.??"]
[Round "5"]
[White "Huss, Andreas"]
[Black "Gallagher, Joseph G"]
[Result "1-0"]
[WhiteElo "2380"]
[BlackElo "2519"]

1.d4 Nf6 2.Nf3 g6 3.c4 Bg7 4.Nc3 O-O 5.e4 d6 6.Be2 Na6 7.O-O e5 8.d5 Nc5
9.Qc2 a5 10.Bg5 h6 11.Be3 Nfd7 12.Nd2 f5 13.exf5 gxf5 14.f4 exf4 15.Bxf4 Ne5
16.Nf3 Bd7 17.Rad1 Qf6 18.Kh1 Rae8 19.Nxe5 dxe5 20.Be3 Qd6 21.Nb5 Bxb5 22.cxb5 b6
23.Rxf5 Rxf5 24.Qxf5 e4 25.Bf4 Be5 26.Qh5 Re7 27.Bxh6 Rf7 28.Qg4+ Kh8 29.Qc8+ Kh7
30.Be3 Nd7 31.Qe8 Qg6 32.Qe6 Rg7 33.Qxg6+ Kxg6 34.b3 Bd6 35.g3 Ne5 36.Kg2 Rd7
37.Rd4 Kf5 38.h3 Bc5 39.g4+ Kf6 40.Rxe4 Rxd5 41.Bxc5 Rxc5 42.h4 Rc2 43.Kg3 Rxa2
44.g5+ Kf5 45.Rf4+ Kg6 46.Bg4 Nxg4 47.Kxg4 Rg2+ 48.Kh3 Rb2 49.Rf6+ Kg7 50.Rf3 Kg6
51.Kg4 Rg2+ 52.Rg3 Rh2 53.Rg1 Rd2 54.h5+ Kg7 55.Rf1 Rg2+ 56.Kf5 Rg3 57.h6+ Kh7
58.Kf6 Rh3 59.g6+ Kh8 60.Kf7 Rg3 61.Rf6 Rg5 62.Ke7 Re5+ 63.Re6  1-0

[Event "Tampere op"]
[Site "Tampere"]
[Date "1999.??.??"]
[Round "9"]
[White "Keskisarja, Teemu"]
[Black "Kallio, Heikki"]
[Result "0-1"]
[WhiteElo "2313"]
[BlackElo "2352"]

1.c4 Nf6 2.Nc3 g6 3.Nf3 Bg7 4.e4 d6 5.d4 O-O 6.Be2 e5 7.Be3 Nc6 8.d5 Ne7
9.Nd2 Ne8 10.O-O f5 11.f3 f4 12.Bf2 h5 13.c5 g5 14.a4 Rf6 15.b4 Rg6 16.a5 g4
17.Kh1 g3 18.Bg1 h4 19.Re1 h3 20.Bf1 hxg2+ 21.Bxg2 Rh6 22.Nf1 Ng6 23.Ra2 Nh4
24.Ree2 Nxg2 25.Rxg2 Bh3 26.Rgc2 Rg6 27.c6 bxc6 28.dxc6 Nf6 29.Nd5 Nxd5 30.Qxd5+ Be6
31.Qd3 a6 32.b5 axb5 33.Qxb5 Qg5 34.Rab2 Qh5 35.Qd3 Rxa5  0-1

[Event "POL-ch U20"]
[Site "Trzbinia"]
[Date "1999.??.??"]
[Round "?"]
[White "Antoniewski, Rafal"]
[Black "Szelag, Marcin"]
[Result "1/2-1/2"]
[WhiteElo "2431"]
[BlackElo "2408"]

1.d4 Nf6 2.Nf3 g6 3.c4 Bg7 4.Nc3 O-O 5.e4 d6 6.Be2 e5 7.O-O Na6 8.Re1 c6
9.Bf1 Bg4 10.d5 c5 11.h3 Bd7 12.Bg5 Kh8 13.Qd2 Qb8 14.g3 Ng8 15.Nh4 f6 16.Be3 Qd8
17.Nb5 Qe7 18.f4 exf4 19.Bxf4 Bxb5 20.cxb5 Nb8 21.Be2 Nd7 22.Bg4 Ne5 23.Be6 Nf7
24.Nf3 Nd8 25.Bg4 h5 26.Nh4 Qe8 27.Nxg6+ Qxg6 28.Bf5 Qf7 29.Bxd6 Re8 30.Bxc5 b6
31.Be3 Nb7 32.Bf4 Rad8 33.Rac1 Nd6 34.Be6 Qg6 35.Qb4 Bf8 36.Kh2 Nh6 37.Rc7 Nhf7
38.e5 fxe5 39.Rxe5 Bg7 40.Re2 Rf8 41.Rxa7 Ng5 42.Ra3 Nge4 43.Rae3 Nc5 44.Rd2 Nf5
45.Ree2 Rfe8 46.Bxf5 Qxf5 47.Rxe8+ Rxe8 48.Qc4 Re4 49.Qf1 h4 50.Qf2 hxg3+
51.Bxg3 Qxf2+ 52.Rxf2 Rd4 53.Bc7 Rxd5 54.Bxb6 Nd3 55.Rd2 Rxb5  1/2-1/2

[Event "POL-ch U20"]
[Site "Trzbinia"]
[Date "1999.??.??"]
[Round "?"]
[White "Mickiewicz, Piotr"]
[Black "Antoniewski, Rafal"]
[Result "0-1"]
[WhiteElo "2230"]
[BlackElo "2431"]

1.d4 Nf6 2.c4 g6 3.Nc3 Bg7 4.e4 d6 5.Be2 O-O 6.Nf3 e5 7.O-O exd4 8.Nxd4 Re8
9.f3 Nc6 10.Nc2 Be6 11.Be3 Nd7 12.Qd2 f5 13.Kh1 fxe4 14.Nxe4 Bxb2 15.Rab1 Bg7
16.Rxb7 Nb6 17.Ng5 Qc8 18.Nxe6 Rxe6 19.Rxb6 cxb6 20.f4 Qe8 21.Bg4 Re7 22.f5 gxf5
23.Qd5+ Kh8 24.Bf3 Rc8 25.Qxf5 Rf7 26.Qh3 Ne5 27.Be2 Rxf1+ 28.Bxf1 Rc7 29.Nd4 Qg6
30.Ne6 Rf7 31.Be2 Qb1+ 32.Bg1 Qf5 33.Qxf5 Rxf5 34.g4 Rf6 35.Nd4 Rf4  0-1

[Event "RUS-Cup"]
[Site "Tula "]
[Date "1999.??.??"]
[Round "3"]
[White "Selin, O."]
[Black "Zaitsev, Vadim"]
[Result "1-0"]
[WhiteElo "2281"]
[BlackElo "2412"]

1.d4 Nf6 2.Nf3 g6 3.c4 Bg7 4.Nc3 d6 5.e4 O-O 6.Be2 e5 7.O-O exd4 8.Nxd4 Re8
9.f3 c6 10.Be3 a6 11.Qd2 b5 12.a3 Bb7 13.Rfd1 bxc4 14.Bxc4 d5 15.exd5 cxd5
16.Bf1 Nbd7 17.Bf2 Rc8 18.Na4 Nh5 19.Rac1 Be5 20.Rxc8 Qxc8 21.g3 Ng7 22.Rc1 Qa8
23.b4 h5 24.f4 Bb8 25.f5 Kh7 26.Qg5 Ba7 27.Rc7 Bc8 28.fxg6+ fxg6 29.Bd3 Re4
30.Rxa7 Qxa7 31.Nf5 Re1+ 32.Kg2 Nb6 33.Nxg7 Qxg7 34.Nxb6 Re5 35.Bxg6+ Qxg6
36.Qxe5 Bf5 37.Nxd5 Be4+ 38.Kg1  1-0

[Event "RUS-Cup"]
[Site "Tula "]
[Date "1999.??.??"]
[Round "4"]
[White "Mchedlishvili, Mikheil"]
[Black "Temirbaev, Serik"]
[Result "1/2-1/2"]
[WhiteElo "2400"]
[BlackElo "2490"]

1.c4 Nf6 2.Nc3 g6 3.d4 Bg7 4.e4 d6 5.Be2 O-O 6.Nf3 e5 7.Be3 Ng4 8.Bg5 f6
9.Bh4 Nc6 10.d5 Ne7 11.Nd2 Nh6 12.f3 g5 13.Bf2 f5 14.h3 Ng6 15.g4 fxe4 16.Ndxe4 Nh4
17.Qd2 Rf4 18.O-O Nf7 19.Be3 a6 20.b3 Bd7 21.Rad1 Be8 22.Rf2 Nh8 23.Bxf4 exf4
24.Rdf1 Bg6 25.Bd1 Nf7 26.Bc2 Qe7 27.a4 Re8 28.Ne2 Nxf3+ 29.Rxf3 Bxe4 30.Bxe4 Qxe4
31.Nc3 Qd4+ 32.Qxd4 Bxd4+ 33.Kg2 Ne5 34.Ne4 Nxf3 35.Kxf3 h6 36.h4 gxh4 37.Rh1 Be5  1/2-1/2

[Event "RUS-Cup"]
[Site "Tula "]
[Date "1999.??.??"]
[Round "7"]
[White "Kiselev, Sergey"]
[Black "Voitsekhovsky, Stanislav"]
[Result "0-1"]
[WhiteElo "2500"]
[BlackElo "2558"]

1.d4 Nf6 2.c4 g6 3.Nc3 Bg7 4.e4 d6 5.Nf3 O-O 6.Be2 Nbd7 7.O-O e5 8.Qc2 Nh5
9.dxe5 dxe5 10.g3 c6 11.Bg5 Nhf6 12.b4 Re8 13.Rfd1 Qc7 14.h3 a5 15.a3 Nf8
16.Bf1 Ne6 17.Be3 axb4 18.axb4 Rxa1 19.Rxa1 Nh5 20.Rd1 f5 21.exf5 Nd4 22.Bxd4 exd4
23.Nxd4 Nxg3 24.fxg3 Qxg3+ 25.Kh1 Bxd4 26.Rxd4 Bxf5 27.Qd2 Re1 28.Rf4 Bd3
29.c5 Qxh3+ 30.Kg1 Rxf1+ 31.Rxf1 Qxf1+ 32.Kh2 Kg7 33.Qe3 h5 34.Qd4+ Kh7 35.Qe3 Qf5
36.Nd1 Be4 37.Nc3 Bf3 38.Kg3 h4+ 39.Kh2 g5 40.Qe7+ Kh6 41.Kg1 Kg6 42.Qxb7 g4
43.Qe7 g3  0-1

[Event "RUS-Cup"]
[Site "Tula "]
[Date "1999.??.??"]
[Round "9"]
[White "Iskusnyh, Sergei"]
[Black "Zaitsev, Vadim"]
[Result "1-0"]
[WhiteElo "2486"]
[BlackElo "2412"]

1.d4 Nf6 2.Nf3 g6 3.c4 Bg7 4.Nc3 d6 5.e4 O-O 6.Be2 e5 7.O-O exd4 8.Nxd4 Re8
9.f3 c6 10.Kh1 a6 11.Bg5 h6 12.Bh4 b5 13.Nc2 Ra7 14.a4 bxa4 15.Rxa4 Rae7
16.f4 Qc7 17.Bd3 Nbd7 18.b4 c5 19.Ne3 Bb7 20.b5 axb5 21.Nxb5 Qb8 22.Nd5 Nxd5
23.exd5 Nf6 24.f5 Bc8 25.Bg3 Rd8 26.fxg6 Bg4 27.gxf7+ Rxf7 28.Qb1 Kh8 29.Nxd6 Qc7
30.Nxf7+ Qxf7 31.Qb6 Re8 32.Ra7 Bd7 33.Bh4 Rf8 34.Bxf6 Kg8 35.h3 Qe8 36.Rxd7 Qxd7
37.Bxg7 Rxf1+ 38.Bxf1 Kxg7 39.Qxc5 Qf5 40.Qd4+ Kf7 41.Kg1  1-0

[Event "RUS-ch sf"]
[Site "Ufa"]
[Date "1999.??.??"]
[Round "2"]
[White "Akhmetov, Artiom"]
[Black "Maksyutov, E."]
[Result "1-0"]
[WhiteElo "2415"]
[BlackElo "2294"]

1.d4 Nf6 2.c4 d6 3.Nc3 Nbd7 4.Nf3 g6 5.e4 e5 6.Be2 Bg7 7.O-O O-O 8.Re1 h6
9.Rb1 Nh7 10.Bf1 Ng5 11.Nxg5 hxg5 12.d5 f5 13.h3 f4 14.g4 Rf7 15.f3 Bf8 16.Re2 Nf6
17.Rc2 c5 18.a3 a5 19.b4 axb4 20.axb4 b6 21.Nb5 Rb7 22.Bd2 Bd7 23.Ra1 Rbb8
24.Na7 Qc7 25.Rca2 Ne8 26.Kg2 Be7 27.Ra3 Kf7 28.Qb1 Qd8 29.R1a2 Nc7 30.Qa1 Qe8
31.Bc3 Bf8 32.Qd1 Rb7 33.Be2 Rbb8 34.Qe1 Bg7 35.Bd1 Rb7 36.Bc2 Bf6 37.Qa1 Kg7
38.bxc5 bxc5 39.Nb5 Rxa3 40.Nxd6 Rxa2 41.Nxe8+ Nxe8 42.Qxa2 Kf7 43.Qa6 Bc8
44.Qc6 Rc7 45.Qb6 Bd7 46.Ba5 Be7 47.Qb8 Rc8 48.Qa7 Nf6 49.Bc7  1-0

[Event "RUS-ch sf"]
[Site "Ufa"]
[Date "1999.??.??"]
[Round "4"]
[White "Chuprov, Dmitry"]
[Black "Kalegin, Evgenij"]
[Result "0-1"]
[WhiteElo "2400"]
[BlackElo "2422"]

1.Nf3 Nf6 2.c4 g6 3.Nc3 Bg7 4.e4 d6 5.d4 O-O 6.Be2 e5 7.O-O Nbd7 8.Be3 c6
9.d5 c5 10.Nd2 Kh8 11.a3 Ng8 12.b4 f5 13.Nb3 b6 14.bxc5 bxc5 15.Rb1 Ndf6
16.f3 Nh5 17.Re1 Bh6 18.Bxh6 Nxh6 19.Qd2 f4 20.Nb5 a6 21.Nxd6 Qxd6 22.Qa5 g5
23.Nxc5 Qg6 24.Nd3 Qg7 25.Qc3 Nf7 26.c5 Re8 27.Nf2 Nf6 28.Rb6 g4 29.fxg4 Nxg4
30.Bxg4 Bxg4 31.Rb7 Bc8 32.Rc7 Rg8 33.g3 fxg3 34.hxg3 Qxg3+ 35.Qxg3 Rxg3+
36.Kh2 Rf3 37.Kg2 Rf4 38.Re3 h5 39.Rf3 Rxf3 40.Kxf3 Kg8 41.Kg3 a5 42.Kh4 Ba6
43.Kxh5 Kg7 44.Kg4 Rh8 45.Kf3 Rb8  0-1

[Event "Mislata op8th"]
[Site "Valencia"]
[Date "1999.??.??"]
[Round "2"]
[White "Valero Fuertes, Carlos"]
[Black "Rodriguez Rodriguez, Antonio"]
[Result "0-1"]
[WhiteElo "2107"]
[BlackElo "2246"]

1.d4 Nf6 2.c4 g6 3.Nc3 Bg7 4.e4 d6 5.Nf3 O-O 6.Be2 e5 7.O-O exd4 8.Nxd4 Re8
9.Bf3 Nbd7 10.Bg5 h6 11.Bh4 a5 12.Re1 Nc5 13.h3 c6 14.Qd2 Be6 15.b3 Nfxe4
16.Nxe4 Qxh4 17.Rad1 Red8 18.Qe3 Nxe4 19.Bxe4 Re8 20.Bxg6 Bd7 21.Be4 f5  0-1